Responses for show #6683 - Wednesday, October 9, 2013

Contestants

Amanda Graves, a writer from Whitinsville, Massachusetts

Theresa Warner, a graduate student of Spanish originally from Alton, Missouri

Jason Idalski, a web producer from Ypsilanti, Michigan (whose 1-day cash winnings total $25,599)

Jeopardy! Round responses

TAKE IN (ALPHABETICAL) ORDER
(Alex: The first correct response will begin with the letter "A," the next one down with the letter "B," and so on.)
PARTS OF THE WHOLE
THE CELEBRITY BOOK AISLE
THE STATE DEPT. SUGGESTS YOU STAY HOME
VARIETY OF VEG
BIOSPHERE 2
(Kelly: Biosphere 2--an enclosure once used to study human survival in space. Now it's helping us understand the Earth.)
    $200 1
acquit

Jason
    $200 21
a grenade

Jason
    $200 9
Frank Sinatra

Amanda
    $200 16
Sudan

Theresa
    $200 4
bean

Amanda
    $200 26
photosynthesis

Amanda
    $400 2
belle

Theresa
    $400 22
a mushroom

Theresa
    $400 10
(Tori) Spelling

Theresa
    $400 17
Libya

Theresa
    $400 5
onion

Amanda
    $400 27
carbon

Jason
    $600 3
cabaret

Amanda
    $600 23
armor

Amanda
    $600 13
(Jeff) Foxworthy

Theresa
    $3,000 18
(Theresa: What is Israel?)

Lebanon

Theresa
    $600 6
pepper

Amanda
    $600 28
evolution

Theresa
    $800 11
a dashiki

Jason
    $800 24
(Alex: Talking about something I don't use in my home--[*].)

a treadmill

Triple Stumper
    $800 14
(Michael J.) Fox

Jason
    $800 19
al-Shabab

Triple Stumper
    $800 7
(Amanda: What is cabbage?)
[Amanda's response was initially ruled incorrect but was deemed acceptable and overturned after the first break.]

spinach

Amanda
    $800 29
plankton

Amanda
    $1000 12
expectorate

Theresa
    $1000 25
a cello

Triple Stumper
    $1000 15
Debbie Reynolds

Jason
    $1000 20
Honduras

Triple Stumper
    $1000 8
carrots

Triple Stumper
    $1000 30
the savanna

Triple Stumper

Scores at the first commercial break (after clue 15):

Jason Theresa Amanda
$2,800 $2,400 $2,800

Scores at the end of the Jeopardy! Round:

Jason Theresa Amanda
$3,400 $1,000 $4,400

Double Jeopardy! Round responses

MASTERS OF TEXT
IRISH LITERATURE
THE AMERICAN FRONTIER
WEIRD TOP 40 HITS
BUSINESS
"AZ" USUAL
    $400 9
Starbucks

Jason
    $400 6
Gulliver's Travels

Amanda
    $400 25
barbed wire

Theresa
    $400 11
MacArthur Park

Amanda
    $400 16
Sprint

Theresa
    $400 1
plaza

Theresa
    $800 15
for your amusement

Jason
    $800 7
(Samuel) Beckett

Amanda
    $800 26
[The end-of-round signal sounds.]

malaria

Jason
    $800 12
Bobby Vinton

Triple Stumper
    $800 21
Volkswagen

Jason
    $800 2
the Aztecs

Theresa
    $1200 17
fill in the blanks

Amanda
    $1200 8
(Bram) Stoker

Theresa
    $1200 13
Roger Miller

Triple Stumper
    $7,000 22
(Alex: Less than a minute
to go now.)

Wendy's

Jason
    $1200 3
azure

Theresa
    $1600 18
don't worry, be happy

Triple Stumper
    $1600 10
the Abbey Playhouse

Triple Stumper
    $1600 14
Herman's Hermits

Triple Stumper
    $1600 23
Al Jazeera

Theresa
    $1600 4
azaleas

Theresa
    $2000 19
good riddance to bad rubbish

Triple Stumper
    $2,800 20
Dubliners

Amanda
    $2000 24
"Muskrat Love"

Triple Stumper
    $2000 5
the mazurka

Jason

Scores at the end of the Double Jeopardy! Round:

Jason Theresa Amanda
$15,200 $8,600 $10,000

[wagering suggestions for these scores]

Final Jeopardy! Round responses

LITERARY LOCALES
(Alex: [To Jason] No. "A" to "G"; "H-N"; "O-Z"--[*] is the title locale.)
TheresaWhat is Xanadu?
$1,801
AmandaWhat is Xanadu?
$7,201
JasonWhat is Zanadu?
$4,801
Oz

Final scores:

Jason Theresa Amanda
$10,399 $6,799 $2,799
2-day champion: $35,998 2nd place: $2,000 3rd place: $1,000

Game dynamics:

Coryat scores:

Jason Theresa Amanda
$9,400 $11,600 $9,200
12 R
(including 1 DD),
0 W
16 R,
1 W
(including 1 DD)
14 R
(including 1 DD),
0 W

Combined Coryat: $30,200

The J! Archive is created by fans, for fans. The Jeopardy! game show and all elements thereof, including but not limited to copyright and trademark thereto, are the property of Jeopardy Productions, Inc. and are protected under law. This website is not affiliated with, sponsored by, or operated by Jeopardy Productions, Inc. Join the discussion at JBoard.tv.